Missing Word: Idris Elba Quiz Stats

 Plays Quiz Updated Jul 23, 2017

Challenge
Share
Tweet
Embed
Score 0/16 Timer 03:00
0 Plays Today
Clue Word % Correct
Bastille ___Day
96.4%
The Jungle ___Book
96.1%
____ Trek BeyondStar
92.9%
_______ DoryFinding
90.6%
________ GangsterAmerican
83.5%
_______ RimPacific
77.2%
28 _____ LaterWeeks
73.3%
Mandela: Long ____ to FreedomWalk
67.3%
Clue Word % Correct
________: Age of UltronAvengers
66.6%
Ghost _____: Spirit of VengeanceRider
55.8%
Thor: The ____ WorldDark
52.9%
_____'s Little GirlsDaddy
45.9%
Buffalo ________Soldiers
33%
Beasts of No ______Nation
30.1%
Legacy: Black ___Ops
9.3%
100 ___Streets
5.8%

Today's Daily Dose

You're not logged in!

Compare scores with friends on all Sporcle quizzes.
Join for Free
OR
Log In

You Might Also Like...

Show Comments

Extras

Top Quizzes Today


Score Distribution

Your Account Isn't Verified!

In order to create a playlist on Sporcle, you need to verify the email address you used during registration. Go to your Sporcle Settings to finish the process.

Report this User

Report this user for behavior that violates our Community Guidelines.

Details: